| 000 | 00663nam a2200181Ia 4500 | ||
|---|---|---|---|
| 008 | 090124s9999 xx 000 0 und d | ||
| 082 | _b14151 | ||
| 100 | _aकेतकर अरविन्द | ||
| 245 | _a पत्रकार-महर्षी ग.वि.केतकर | ||
| 250 | _a0 | ||
| 260 |
_bमिलिंद केतकर _c1981 |
||
| 300 | _a146 | ||
| 600 | _aकेतकर अरविन्द | ||
| 630 | _a पत्रकार-महर्षी ग.वि.केतकर | ||
| 700 | _aकेतकर अरविन्द | ||
| 730 | _a पत्रकार-महर्षी ग.वि.केतकर | ||
| 942 | _cBOOK | ||
| 999 |
_c87864 _d87864 |
||